| 000 | 00835nam a2200241 a 4500 | ||
|---|---|---|---|
| 001 | 000035958 | ||
| 003 | DO-SdBNP | ||
| 005 | 20260317102003.0 | ||
| 008 | 111121s1983 dr ac 000 0 spa d | ||
| 040 |
_aDO-SdBNP _bspa _cBNPHU _erda |
||
| 041 | _aspa | ||
| 082 |
_aRD 927.3097293 M534h _bH731 _222 |
||
| 100 | 1 |
_aHolguín Veras, Miguel A., _d1927-2007 _913921 |
|
| 245 | 1 | 0 |
_aElila Mena : _bEl drama de su vida / _cMiguel A. Holguin Veras : prólogo Vicente Rubio. |
| 260 |
_aSanto Domingo : _bCorripio, _c1983. |
||
| 300 |
_a235 p. : _bil., retrs. ; _c23 cm. |
||
| 600 | 4 |
_a Elila Mena _xBiografía _989219 |
|
| 650 | 4 |
_aMujeres _xBiografías _zRepública Dominicana _989220 |
|
| 651 |
_aRepública Dominicana _xHistoria |
||
| 700 | 1 |
_aRubio, Vicente, _epról. _925473 |
|
| 910 | _aValidado. Control de calidad/MAA | ||
| 942 |
_2ddc _cLBS1 |
||
| 999 |
_c35449 _d35449 |
||